Sports Quiz

Random Sports or Football Quiz

2011 Patriots Offensive Starters Quiz Stats

Quiz not verified by Sporcle

Challenge
Share
Tweet
Embed
Score 0/10 Timer 06:00
0 Plays Today
Position Name % Correct
QuarterbackTom Brady
100%
RunningbackBenJarvus Green-Ellis
100%
WR1Wes Welker
100%
Tight EndRob Gronkowski
100%
WR2Deion Branch
93.2%
LGLogan Mankins
90.9%
LTNate Solder
77.3%
CDan Connolly
50%
RGBrian Waters
45.5%
RTMarcus Cannon
27.3%

You're not logged in!

Compare scores with friends on all Sporcle quizzes.
Sign Up with Email
OR
Log In

You Might Also Like...

Show Comments

Extras

Top Quizzes Today


Score Distribution

Your Account Isn't Verified!

In order to create a playlist on Sporcle, you need to verify the email address you used during registration. Go to your Sporcle Settings to finish the process.

Report this User

Report this user for behavior that violates our Community Guidelines.

Details: